000
00363nam a2200157Ia 4500
003
0STCL
008
150530s9999 xx 000 0 und d
040
_a
STCL
_c
STCL
100
_a
Finn, F.E.S.; Editor
245
_a
Contact two short stories of the 1960
260
_c
1969
546
_a
English
942
_2
ddc
_c
BK
999
_c
58164
_d
58164
005
20220125171042.0